Tydskrif vir Hedendaagse Romeins - Hollandse Reg (Record no. 1356)

MARC details
000 -LEADER
fixed length control field 00476nam a22001577a 4500
005 - DATE AND TIME OF INPUT
control field 20240213142457.0
008 - DATA ELEMENTS--GENERAL INFORMATION
fixed length control field 240213b |||||||| |||| 00| 0 eng d
041 ## - LANGUAGE CODE
Language code of text Afrikaans / English
082 ## - SHELF NUMBER
DDC number 349 TYD
100 ## - MAIN AUTHOR
Language of a work Afrikaans / English
245 ## - TITLE STATEMENT
Title Tydskrif vir Hedendaagse Romeins - Hollandse Reg
260 ## - PUBLICATION, DISTRIBUTION, ETC.
Place of publication, distribution, etc. Durban :
Name of publisher, distributor, etc. Butterworth,
Date of publication, distribution, etc. 2003
300 ## - PHYSICAL DESCRIPTION
Other physical details 173 pages ;
Dimensions 25 cm.
650 ## - SUBJECT`
Broad subject Legal practice
Own subject terms Law
942 ## - ADDED ENTRY ELEMENTS (KOHA)
Item type Books
942 ## - ADDED ENTRY ELEMENTS (KOHA)
-- ALISON_BN_VRIES
Holdings
Source of classification or shelving scheme Volume number (bound volume or other part) Not for loan Collection code Home library Current library Date acquired Full call number Barcode Price effective from Koha item type Shelving location
Dewey Decimal Classification Volume 1   SERIES LAW SOCIETY OF NAMIBIA LIBRARY - WINDHOEK LAW SOCIETY OF NAMIBIA LIBRARY - WINDHOEK 02/13/2024 349 TYD LSN/2023/284 02/13/2024 Books  
Dewey Decimal Classification Volume 2   SERIES LAW SOCIETY OF NAMIBIA LIBRARY - WINDHOEK LAW SOCIETY OF NAMIBIA LIBRARY - WINDHOEK 02/13/2024 349 TYD LSN/2023/285 02/13/2024 Books Tydskrif vir hedendaages romeins hollandse reg
Dewey Decimal Classification Volume 3   SERIES LAW SOCIETY OF NAMIBIA LIBRARY - WINDHOEK LAW SOCIETY OF NAMIBIA LIBRARY - WINDHOEK 02/13/2024 349 TYD LSN/2023/286 02/13/2024 Books Tydskrif vir hedendaages romeins hollandse reg
Dewey Decimal Classification Volume 4   SERIES LAW SOCIETY OF NAMIBIA LIBRARY - WINDHOEK LAW SOCIETY OF NAMIBIA LIBRARY - WINDHOEK 02/13/2024 349 TYD LSN/2023/287 02/13/2024 Books